| 000 | 00945nam a22002532 4500 | ||
|---|---|---|---|
| 001 | 24848 | ||
| 003 | BD-RjUL | ||
| 005 | 20211209001115.0 | ||
| 008 | 140315r19651927enk 00| 0 eng | ||
| 035 | _a(BD-RjUL)24917 | ||
| 040 |
_aDLC _cABC _dABC _dEQO _dBD-RjUL _beng |
||
| 041 | _aeng | ||
| 082 |
_a942.07 _bRAN |
||
| 100 | 1 |
_aRayner, Robert Macey, _d1884- _975981 |
|
| 245 | 1 | 0 |
_aNineteenth century England : _ba political and social history of the British commonwealth, 1815-1914 / _cby Robert M. Rayner, with 9 maps and 3 folding date charts. |
| 260 |
_aLondon ; _aNew York [etc.] : _bLongmans, Green and co. ltd., _c1927 [reprinted 1965] |
||
| 300 |
_axvi, 411 p. : _billus. (maps) fold. tables. ; _c21cm. |
||
| 504 | _aIncludes index. | ||
| 651 | 0 |
_aGreat Britain _xPolitics and government _y19th century. _93066 |
|
| 651 | 0 |
_aGreat Britain _xSocial life and customs. _976484 |
|
| 942 |
_2ddc _cBK |
||
| 999 |
_c24848 _d24848 |
||